| 000 | 00430nam a2200169Ia 4500 | ||
|---|---|---|---|
| 008 | 230718s9999 xx 000 0 und d | ||
| 041 | _aeng | ||
| 082 |
_a005.4'32 _bRUB |
||
| 100 |
_aRubini A. _9150906 |
||
| 245 | _aLinux Device Drivers | ||
| 250 | _a2nd ed. | ||
| 260 |
_c2001 _bSPD/O'reilly |
||
| 300 | _a268 | ||
| 365 |
_cRs. _b375.00 |
||
| 700 |
_aRubini A. & Corbet J. _9187308 |
||
| 906 |
_dB:48516-Oct-2001 _cCOMP _b56.25 |
||
| 999 |
_c302379 _d302379 |
||